000 00891nam a22002897a 4500
003 CHAP
005 20220329134620.0
008 971013s1979 r 00010 d
010 _a23056
011 _a24028
035 _a28127
040 _cCHAP
082 _a001.61
_bA9
100 0 0 _aAxelrod, C. Warren.
_98899
245 _aComputer effectiveness
_b: bridging the management
_c/ technology gap
260 _aWashington :
_bInformation Resources,
_c1979
300 _a200 p.
_b; gráfs
590 _aBATCH-UPD
_b10
_c20130110
_lUCH01
_h1859
590 _aBATCH-UPD
_b10
_c20130410
_lUCH01
_h1227
590 _aBATCH-UPD
_b10
_c20130914
_lUCH01
_h0458
590 _aCONVERSION
_b10
_c20130109
_lUCH01
_h1314
650 1 4 _aComputación.
_926122
650 1 4 _aComputadoras.
_926129
901 _aBK
942 _cLIBRO
949 _a001.61 A9
_bBC
_cLIBRO
_d33724000229548
_eLIBRO
_h56073
_i28127
_si
999 _c23056
_d23056